zpět

Detail výsledku týmu

Hřebíkárna, Chomutov

Datum a čas kvízu

35 Celkem bodů Celkový počet nahraných bodů na tomto kvízu bez doplňovacích otázek.
8. Pořadí na kvízu Konečné umístění týmu na tomto kvízu.

Zaznamenané odpovědi

# Otázka Odpověď Body Výsledky
1. V pátek přejel první vlak přes... Orlík 1
2. Po devíti dnech pátrání byla v... v Paříži 1
3. Počátkem týdne byl představen... Marek Ztracený, Ester Ledecká 1
4. Ve čtvrtek byly vyhlášeny výsl... Zásilkovna 1
5. Ve čtvrtek začal evropský šamp... o házené 1
6. Začneme mladším (a slavnějším)... Krakatit 1
7. Josef Čapek byl především malí... A 1
8. Přiřaďte k těmto literárním dí... 1A 2C 3B 4D 1
9. Napište názvy dvou deníků, v n... Národní listy, Lidové noviny 1
10. Napište název románu, jehož zá... Válka s Mloky 1